000 00777cam a2200229 a 4500
001 4470980
005 20180221072708.0
008 960515s1996 nyua b 001 0 eng
010 _a 96022913
020 _a0684832208
040 _aDLC
_cDLC
_dDLC
041 _aeng
080 _a155.937 MIC
082 0 0 _a155.937 MIC
_220
100 1 _a50
101 _aPSI
245 1 0 _aMortally wounded :
_cMichael Kearney.
504 _aIncludes bibliographical references (p. 187-188) and index.
906 _a7
_bcbc
_corignew
_d1
_eocip
_f19
_gy-gencatlg
942 _2ddc
_cBK
999 _c43053
_d43053